| 000 | 00622nam a2200205Ia 4500 | ||
|---|---|---|---|
| 005 | 20250701164457.0 | ||
| 008 | 008 250505s9999 xx 000 0 eng d | ||
| 020 | _a807824267 | ||
| 037 | _aTextual | ||
| 040 |
_aEASL _beng _cEASL |
||
| 041 |
_aeng _2eng |
||
| 084 |
_aX5:8.42.N9, N8 _qEASL |
||
| 100 |
_aBlackford Maansel G _9674040 |
||
| 245 | 0 | _aRise of modern business in great britain,the United States and Japan | |
| 260 |
_aUSA _bLandon University of North Carolina Press _c1998 |
||
| 300 | _a264p. | ||
| 365 |
_aJapan _b9.98 |
||
| 942 |
_cTEXL _hX5:8.42.N9, N8 |
||
| 999 |
_c1433213 _d1433213 |
||